000
00210 a2200097 4500
001
14665
100
_a
Muhammad Ashique
245
_a
Islam
260
_a
Lahore
_b
Nazir sons Publishers
_c
090
_c
11451
_d
11451
942
_a
NUST-CAE
_c
M
_c
1616
999
_c
249738
_d
249738